00824nam a2200205 a 45000010005000000030009000050080041000140200015000550400028000700820018000981000034001162450027001502600065001773000008002426500027002509420012002779990017002899520156003069520156004625510CO-ViMGA141112s2004 ck r 000 u spa d a9586350452 aCO-ViMGAbspacCO-ViMGA04a342.06 P351de1 aPenagos Vargas, Gustavo9381310aDerecho administrativo aSantafé de Bogotá : bLibrería del Profesional, c1995 a2 v14aDERECHO ADMINISTRATIVO 2ddccBK c17495d17495 00102ddc40708002aMEVIECARbMEVIECARd2015-12-04hVolumen. 1 | 11/jun/2009l0o342.06 P351de p5510 - 1r2018-02-08 00:00:00tEj. 1w2015-12-04yBK 00102ddc40708002aMEVIECARbMEVIECARd2015-12-04hVolumen. 2 | 13/nov/2013l0o342.06 P351de p5510 - 2r2015-12-04 00:00:00tEj. 1w2015-12-04yBK